000 00504nam a2200205Ia 4500
008 101110s9999 xx 000 0 und d
041 _aENGLISH
082 _bJR4076
100 _aAgrawal N.
245 _aFinancial Accounting Using Tally 6.3
260 _c2001
365 _b149
520 _aCommerce
546 _aENGLISH
630 _aFinancial Accounting Using Tally 6.3
650 _aCommerce
655 _aCommerce
730 _aFinancial Accounting Using Tally 6.3
942 _cBOOK
999 _c795099
_d795096